| 000 | 00396nam a2200145Ia 4500 | ||
|---|---|---|---|
| 008 | 231129s1995||||xx |||||||||||||| ||spa|| | ||
| 020 | _a950-885-015-9 | ||
| 040 | _bspa | ||
| 082 | _a346.0482 S923L | ||
| 100 | _aStrong William S | ||
| 245 | 0 | _aEl libro de los derechos de autor: Guia practica | |
| 260 | _c1995 | ||
| 264 | _aHeliasta | ||
| 942 |
_2ddc _cBKS |
||
| 999 |
_c11522 _d11522 |
||